000 00715nam a2200229Ia 4500
003 OSt
005 20220923212701.0
006 a|||||r|||| 00| 0
007 ta
008 220922b |||||||| |||| 00| 0 hin d
024 _a155,231
037 _cTextual
040 _aARTS
_cARTS
_bhin
041 _2hin
_ahin
082 _aO15:1B1, 152H9.1-.9
100 _aवाल्मीकि
_9156277
245 0 _aरामायण, अनु चतुवेदी प्रसाद शर्मा अनु
246 _aRāmāyaṇa, anu chatuvedī prasād sharmā anu0
260 _c1949
942 _hO15:1B1, 152H9.1-.9
_cTEXL
_2CC
999 _c310785
_d310785